| 000 | 01062cab a2200289 4500 | ||
|---|---|---|---|
| 001 | ABS59036 | ||
| 008 | 090401t1998 xxu||||| |||| 00| 0 eng d | ||
| 035 | _a(Sirsi) u87634 | ||
| 041 | _aeng | ||
| 245 | _aRedeveloping contaminated land: the policy options | ||
| 260 | _c1998 | ||
| 350 | _a0 | ||
| 490 |
_aCSM _bChartered Surveyor Monthly _vJuly/August 1998, 38(1) |
||
| 520 | _aReports on a Fabian Society seminar on the options for the redevelopment of contaminated land. Comments on the current legislative proposals, the amount of contaminated land and the effect of contamination on willingness to develop. Looks at insurance issues and suggestions on how government policy could help. | ||
| 650 | _aCONTAMINATED LAND | ||
| 650 | _aDEFINITIONS | ||
| 650 | _aDEVELOPMENT | ||
| 650 |
_aDISPUTE RESOLUTION _96236 |
||
| 650 | _aENVIRONMENT ACT 1995 | ||
| 650 | _aGOVERNMENT POLICIES | ||
| 650 | _aIMPACT | ||
| 650 |
_aInsurance _96249 |
||
| 650 | _aRECORDS | ||
| 690 | _aPROPERTY-PROPERTY DEVELOPMENT | ||
| 942 | _n0 | ||
| 948 | _c24/07/1998 | ||
| 999 |
_c55287 _d55287 |
||